Essentials of Engineering Mathematics : Worked Examples and Problems /

Uložené v:
Podrobná bibliografia
Hlavný autor: Jeffrey, Alan (Autor)
Médium: Kniha
Jazyk:English
Vydavateľské údaje: London : Chapman and Hall, 1992
Tagy: Pridať tag
Žiadne tagy, Buďte prvý, kto otaguje tento záznam!

MARC

LEADER 00000nam a22000003a 4500
001 stu21071
005 20150617225749.5
008 930215s1992----uk------------------eng-d
020 |a 0-412-39680-7 
040 |a STU  |b slo 
041 0 |a eng 
044 |a uk 
080 |a 51  |7 stu_us_auth*stu8333 
100 1 |a Jeffrey, Alan  |4 aut 
245 1 |a Essentials of Engineering Mathematics :  |b Worked Examples and Problems /  |c [aut.]Jeffrey,Alan 
260 |a London :  |b Chapman and Hall,  |c 1992 
300 |a 825 s :  |b Index 
996 |b C91025  |c C*91025  |l CCXX  |s P  |a 0  |w stu21071_0001